| 000 | 00498nam a2200229Ia 4500 | ||
|---|---|---|---|
| 003 | IT-RoPAU | ||
| 008 | 120407s9999 xx 000 0 und d | ||
| 040 | _aIT-RoPAU | ||
| 040 | _cIT-RoPAU | ||
| 041 | _aita | ||
| 100 | _aOrtensio da Spinetoli | ||
| 245 | _aLuca. Il Vangelo dei poveri | ||
| 250 | _aAssisi | ||
| 260 | _aCittadella | ||
| 260 | _c1982 | ||
| 300 | _a766 p. | ||
| 300 | _c20,5 cm | ||
| 490 | _aCommenti e studi biblici | ||
| 490 | _v1 | ||
| 942 | _cBK | ||
| 999 |
_c36668 _d36668 |
||